000 00362 a2200157 4500
001 145820
040 _cLeonardo Da Vinci
041 _aPortuguês
082 _a130 D854
_bD854
100 _aDUFAUR, Luis Eduardo
245 _aA aparição de la Salette
260 _bPetrus Editora
_c2011
_aSão Paulo
300 _a118p
362 _a20110000
942 _cBK
999 _c145820
_d145820